Biblioteca

The Crow and Mrs. Gaddy / Wilson Gage, il. : Marylin Hafner (Registro nro. 48001)

Detalles MARC
000 -LÍDER
Campo fijo de descripción fija 003500000a22001450004500
020 ## - NÚMERO INTERNACIONAL NORMALIZADO PARA LIBROS
Número Internacional Normalizado del libro 0-590-44507-3
082 04 - NÚMERO DE CLASIFICACIÓN DECIMAL DEWEY
Número de clasificación GI CJ G121c
001 - NÚMERO DE CONTROL
Campo de control 797
100 1# - ASIENTO PRINCIPAL--NOMBRE PERSONAL
Nombre personal Gage, Wilson
245 10 - TÍTULO
Título del Material The Crow and Mrs. Gaddy / Wilson Gage, il. : Marylin Hafner
260 ## - PUBLICACIÓN, DISTRIBUCIÓN, ETC. (PIE DE IMPRENTA)
Lugar de publicación, distribución, etc. New York : Scholastic
300 ## - DESCRIPCIÓN FÍSICA
Extensión 45 P.
650 14 - ASIENTO SECUNDARIO DE MATERIA - TERMINO TEMÁTICO
Término temático o nombre geográfico como elemento de entrada Literatura Infantil
942 ## - TIPO DE MATERIAL (KOHA)
Tipo de Item KOHA Z- Libro General BINCO
Existencias
Estado de Material Estado de Perdido Volumen-Parte/Tomo Estado de Dañado No para Préstamo Tomo Biblioteca de Origen Biblioteca Permanente Fecha de Adquisición Total de Préstamos Signatura Topográfica Código de Barras Última vez visto Ejemplar/Existencia Fecha de Remplazo Tipo de Material
            Biblioteca Infantil Comunitaria BINCO Biblioteca Infantil Comunitaria BINCO 15/04/2006   GI CJ G121c B30275 24/11/2016 1 26/01/2016 Z- Libro General BINCO

Biblioteca FUSBC | Teléfono: (57+4) 349 88 10 Ext. 141| WhatsApp (+57) 3005338115 
E-mail: biblioteca@unisbc.edu.co | Calle 76 87-14 Robledo Palenque, Medellín, Colombia

Con tecnología Koha